000 01323cam a22002054a 4500
005 20250605163941.0
008 250528s ||||||||||||||||||||||||d
035 _a15047
020 _a273029738
040 _aGR-AtMCL
_bgre
_dGR-AtMCL
_eAACR2
245 1 _aBusiness Accounting 1 / Fifth Edition
250 _a5th
260 _bPitman,
_c1989
300 _a566
520 _aThe most-widely used accountancy textbook in the world. Preface, The Accounting Equation and the Balance Sheet, The Double-Entry System for Assets and Liabilities, The Asset of Stock, The Double-Entry System for Expenses and Revenues, The Effect of Profit or Loss on Capital, Balancing Off Accounts, The Trial Balance, Trading and Profit and Loss Accounts: An Introduction, Balance Sheets, The Basic Structure of Accounting, The Banking System, Two Column Cash Books, Cash Discounts and the Tree Column Cash Book, The Sales Journal, The Journal, Valued Added Tax, Double Entry Records for Depreciation, Capital and Revenue Expenditure, Bank Reconciliation Statements, Suspense Accounts and Errors, Control Accounts, Manufacturing Accounts, Departmental Accounts, Columnar Day Books, Goodwill, The Valuation of Stock, Accounting Theory, Appendices, Index.
700 1 _aWood Frank
_9873
942 _cBK
999 _c649
_d649